MDQL
is popping MORE tags! Check the
thread
!
Quizzes
Events
Quiz Creation
Community
Videos
Private Events
Remove Ads
Sign In
Join for FREE
Feedback
Dark Mode
Quiz Categories
Sports
Geography
Music
Movies
Television
Just For Fun
Miscellaneous
History
Literature
Language
Science
Gaming
Entertainment
Religion
Holiday
For Kids
Quiz Lab
Recent
Popular Today
Quiz Kudos Today
Editor Picks
Curator Picks
Quizzes by...
Day
Popularity
Type
Ratings
Length
Year
Community
Subscriptions
Recent Discussions
Orange Saloon
Badges
Playlists
Quests
Create
Leaderboards
Showdown
Live 5
Trivia Bingo
Activity
Puzzle Library
Sporcle Events
Private Events
Virtual Trivia
Globe League
Become a Host
Pub Owners
SporcleCon
Opinionation
Our Games
Videos
Blog
Mobile Apps
Partnerships
Remove Ads and Go Orange
Feedback
Gaming
Video Games
Board Games
Card Games
Pokémon
Mario
Nintendo
Minecraft
Console
Toys
Legend of Zelda
Gaming
Video Games
Board Games
Card Games
Pokémon
Mario
Nintendo
Minecraft
Console
Toys
Legend of Zelda
Random Quiz
Search Sporcle
×
Quiz Lab
Quiz Lab
Gaming
NHL
Type in answers that appear in a list
Type in answers that appear in a list
Classic
Best Score? Go Orange.
NHL 11 Stats
Can you name the NHL 11?
By
Brett0440
10m
50 Questions
8 Plays
8 Plays
8 Plays
Comments
Comments
Give Quiz Kudos
Give Quiz Kudos
-
- Ratings
hide this ad
More Info
Forced Order
Answers have to be entered in order
Answers have to be entered in order
Replay
Link that replays current quiz
Next Quiz
Link to next quiz in quiz playlist
You Got
0%
They Got
Avg Score
67%
Avg Friend Score
Upgrade to see
Score Distribution
Jump to the score distribution portion of the page
Score
0/50
Timer
10:00
0
Plays Today
Number
Person
% Correct
50
Ante
100%
49
Ante
100%
48
Ante
100%
46
Ante
87.5%
44
Ante
87.5%
45
Ante
75%
42
Ante
75%
40
Ante
75%
38
Ante
75%
36
Ante
75%
34
Ante
75%
32
Ante
75%
47
Mike D
62.5%
43
Mike D
62.5%
41
Ante
62.5%
39
Mike D
62.5%
37
Ante
62.5%
35
Mike D
62.5%
33
Ante
62.5%
31
Mike D
62.5%
30
Saleh
62.5%
29
Ross
62.5%
28
Ahmed
62.5%
27
Ante
62.5%
26
Ante
62.5%
Number
Person
% Correct
25
Ante
62.5%
24
Ante
62.5%
23
Ante
62.5%
22
Mike D
62.5%
21
Mike D
62.5%
20
Mike D
62.5%
19
Mike D
62.5%
18
Mike D
62.5%
17
Mike D
62.5%
16
Mike D
62.5%
15
Ante
62.5%
14
Ante
62.5%
13
Ante
62.5%
12
Ante
62.5%
11
Ante
62.5%
10
Saleh
62.5%
9
Saleh
62.5%
8
Saleh
62.5%
7
Saleh
62.5%
6
Saleh
62.5%
5
Saleh
62.5%
4
Ross
62.5%
3
Ahmed
62.5%
2
Ross
62.5%
1
Ahmed
62.5%
Quiz Playlist
Details
Report
Send in Message
Add To Playlist
More Info:
Just a joke with my friends
Classic:
Type in answers that appear in a list
Forced Order:
Answers have to be entered in order
Last Updated: Feb 16, 2017
Quiz Scoreboard
CHALLENGE
Sign Up to Join the Scoreboard
Show All
Scores
Hide
Comments
May contain spoilers
Recently Published
1-10 Letter E Words III
by El_Dandy
Language
2m
Street Fighter Characters
by Artimus82
Gaming
60s
College Basketball Coaching Resumes
by pancakes188
Sports
9m
More to Explore
Quiz From the Vault
Featured Blog Post
Where Did the Easter Bunny Come From?
hide this ad
You Might Also Like...
Tags
NHL Quiz
Person
Today's Top Quizzes in Gaming
Browse Gaming
hide this ad
Today's Top Quizzes in NHL
Browse NHL
Top Contributed Quizzes in Gaming
1
5-to-1: Consoles
2
7-to-1: Board Game Piece Blitz
3
5-to-1: Legend of Zelda
4
League of Legends Pro Players by Career/Team History
5
Destiny 2 exotic weapons by perk icons
6
Ultimate Genshin Impact Logic Puzzle (up to 4.3)
7
Franchise by Action Figure
8
Who's on the WWE 2K24 Cover?
9
Genshin Impact Logic Puzzle Quiz
10
Order the Pokémon Regions
Explore More
Trending Topics
Harry Potter
Crossword
NBA
Marvel
Disney
Anime
Kpop
WWE
Pokémon
Song
NFL
The Office
Country
Puzzle
Soccer
hide this ad
More By:
Brett0440
Quiz
Plays
Rating
Category
Featured
Created
QB Who had Over 3000 Yards passing from 2000-2009
3,962
4.52
Sports
Oct 16, 2011
QB Who had Over 3000 Yards passing from 1990-1999
2,032
4.50
Sports
Jan 30, 2012
NHL All Time Goalies Wins Leader by Team
1,784
4.10
Sports
Jun 18, 2013
VH1's 100 Greatest Songs of the 90's
828
1.50
Music
Aug 14, 2011
NHL All Time Goal Leaders By Team
711
4.33
Sports
Jul 31, 2012
Go to Creator's Profile
Score Distribution
Quiz Creator Spotlight
Brett0440
Follow
Send a Message
Quizzes Created
-
Created Quiz Play Count
-
More By This Creator
Popular Quizzes Today
1
Find the US States - No Outlines Minefield
2
Find the Countries of Europe - No Outlines Minefield
3
The Countries of the World
4
Find the US States
5
Risky Map Clicking: Biggest States A-Z
6
US States
7
Popular People in 1961
8
Movies - When Are They Set?
More Gaming Quizzes
FIFA 21 Stat Leaders
Quiz Lab
Trending Quizzes
Risky Map Clicking: Least Populous States A-Z
Billboard Blitz: Aretha Franklin
Famous Russians: Author or Composer?
1-10 Letter G Words
Countries of the World: 200 Million BC
Recently Updated
Leaping Animals
pecheneg
Reality TV Shows (A-Z)
bhenderson79
Rickey Henderson's Hall of Fame Teammates
pecheneg
Champions League XIs: Arsenal
pecheneg
Quick Pick: Celebrities in WWE's Hall of Fame
aduchscher
A-Z Keypad Blitz II
pecheneg
Multiple Oscar Actors
pecheneg
Mystery Phrase Blitz: Oscar 'Best Actors'
pecheneg
F. Scott Fitzgerald Novels
LTH
Pick 3 Villains
ddd62291
Trending Topics
Kpop
Harry Potter
Disney
Marvel
Anime
NBA
Crossword
Song
The Office
Puzzle
WWE
Country
Pokémon
NFL
Soccer
Your Account Isn't Verified!
In order to create a playlist on Sporcle, you need to verify the email address you used during registration. Go to your
Sporcle Settings
to finish the process.
Report this User
Report this user for behavior that violates our
Community Guidelines
.
Details:
Send Report
Go to the Sporcle.com Mobile Site →
Comments